00531nam a2200145 a 450000100100000000500170001000800410002702000180006804000250008608200150011111000560012624500980018226000710028030000340035100003026520200930060200.0110505s2010 dr ac 000 0 spa d a9789945872576 aDO-SdBNPbspacBNPHU axxxbR426d1 aRepública DominicanabDespacho de la Primera Dama10aMi recorrido solidario en la construcción de una sociedad en valores :bmemorias 2009-2010. aSanto Domingo :bDespacho de la Primera Dama,c2010.fAlfa Y Omega a79 p. :bil., retrs ;c24 cm.